Statistics for Country Names With Two As

Click here to take the quiz!

General Stats

  • This quiz has been taken 46 times
    (15 since last reset)
  • The average score is 29 of 51

Answer Stats

Countries With Only Two As% Correct
Austria
92%
Argentina
85%
Angola
77%
Barbados
77%
Costa Rica
77%
Japan
77%
Palau
77%
San Marino
77%
Andorra
69%
Botswana
69%
Croatia
69%
Ghana
69%
Romania
69%
Slovakia
69%
Bahrain
62%
Bulgaria
62%
Gambia
62%
Guyana
62%
Latvia
62%
Malta
62%
Namibia
62%
New Zealand
62%
Pakistan
62%
Qatar
62%
Samoa
62%
Somalia
62%
South Africa
62%
Sri Lanka
62%
Algeria
54%
Guinea-Bissau
54%
Lithuania
54%
Rwanda
54%
Uganda
54%
Zambia
54%
Cambodia
46%
El Salvador
46%
Grenada
46%
Macedonia
46%
Malawi
46%
Taiwan
46%
Thailand
46%
Vanuatu
46%
Armenia
38%
Bangladesh
38%
Burkina Faso
38%
Saint Lucia
38%
Tajikistan
38%
Myanmar
31%
Sao Tome and Principe
31%
Vatican City
31%
Antigua
0%

Score Distribution

Percentile by Number Answered

Percent of People with Each Score

Your Score History

You have not taken this quiz since the last reset